[Event "Hebraica op 30th"]
[Site "Hebraica"]
[Date "2023.02.12"]
[Round "7"]
[White "Sulz, Isaque Sathler"]
[Black "Machado, Marcos Donizete"]
[Result "1/2-1/2"]
[WhiteElo "1483"]
[BlackElo "1808"]
[PlyCount "78"]
[EventDate "2023.02.10"]
[EventType "swiss"]
[EventRounds "7"]
[EventCountry "BRA"]
[SourceTitle "CBM 212 Extra"]
[Source "ChessBase"]
[SourceDate "2023.03.31"]
[SourceVersion "1"]
[SourceVersionDate "2023.03.31"]
[SourceQuality "1"]

1. e4 e5 2. Nf3 Nc6 3. Bc4 Nf6 4. Ng5 d5 5. exd5 Na5 6. Bb5+ Bd7 7. Qe2 Be7 8. b4 Bxb4 9. Qxe5+ Be7 10. Bxd7+ Qxd7 11. d6 Nc6 12. Qb5 Bxd6 13. 0-0 0-0 14. Bb2 a6 15. Qd3 Be5 16. Qxd7 Nxd7 17. Bxe5 Ndxe5 18. Re1 h6 19. f4 Nc4 20. Nf3 Rfe8 21. Nc3 Rxe1+ 22. Rxe1 Rd8 23. d3 Na3 24. Re2 Kf8 25. Kf2 Nb4 26. Ne1 Re8 27. Rxe8+ Kxe8 28. Kf3 Naxc2 29. Nxc2 Nxc2 30. Ke4 c6 31. Na4 Na3 32. Nc5 b6 33. Nxa6 Kd7 34. Nb4 Kd6 35. d4 Nb5 36. Nd3 Nc3+ 37. Kf5 Ke7 38. Nb4 Kd6 39. Nd3 Ke7 1/2-1/2

[Event "Hebraica op 30th"]
[Site "Hebraica"]
[Date "2023.02.10"]
[Round "1"]
[White "Nomura, Alexandre Shodi"]
[Black "Sulz, Isaque Sathler"]
[Result "0-1"]
[WhiteElo "1758"]
[BlackElo "1483"]
[PlyCount "92"]
[EventDate "2023.02.10"]
[EventType "swiss"]
[EventRounds "7"]
[EventCountry "BRA"]
[SourceTitle "CBM 212 Extra"]
[Source "ChessBase"]
[SourceDate "2023.03.31"]
[SourceVersion "1"]
[SourceVersionDate "2023.03.31"]
[SourceQuality "1"]

1. e4 c5 2. Nf3 g6 3. d4 cxd4 4. Nxd4 Nc6 5. Be3 Bg7 6. Be2 Nf6 7. Nc3 0-0 8. 0-0 d5 9. exd5 Nxd5 10. Nxd5 Qxd5 11. Bf3 Qd6 12. c3 Ne5 13. Bf4 Nxf3+ 14. Qxf3 e5 15. Bg3 f5 16. Nc2 Qb6 17. Bxe5 Bxe5 18. Qd5+ Qe6 19. Qd3 Qd6 20. Nd4 Bxd4 21. cxd4 Be6 22. Rfe1 Rfe8 23. Rac1 Rac8 24. g3 Qd5 25. h3 Bd7 26. Rxc8 Rxc8 27. Kh2 Bb5 28. Qe3 Re8 29. Qd2 Rxe1 30. Qxe1 Bc6 31. Qf1 Qxd4 32. h4 Qxb2 33. Qc4+ Kg7 34. Qf4 Qf6 35. Qc7+ Kh6 36. Qf4+ g5 37. hxg5+ Qxg5 38. Qd6+ Kh5 39. Qd1+ Qg4 40. Qe1 Qe4 41. Qxe4 fxe4 42. Kg1 Kg4 43. Kf1 Kf3 44. Ke1 b5 45. a3 a5 46. Kf1 b4 0-1

[Event "Caxambu Casa do Xadrez op"]
[Site "Caxambu"]
[Date "2022.07.22"]
[Round "1"]
[White "Sulz, Isaque Sathler"]
[Black "Da Silva, Wagner Afonso"]
[Result "1/2-1/2"]
[WhiteElo "1800"]
[BlackElo "1907"]
[PlyCount "124"]
[EventDate "2022.07.22"]
[EventType "swiss"]
[EventRounds "6"]
[EventCountry "BRA"]
[SourceTitle "CBM 209 Extra"]
[Source "ChessBase"]
[SourceDate "2022.09.30"]
[SourceVersion "1"]
[SourceVersionDate "2022.09.30"]
[SourceQuality "1"]

1. e4 c5 2. Nf3 g6 3. d4 cxd4 4. Nxd4 Bg7 5. Nc3 Nc6 6. Be3 d6 7. Qd2 Nf6 8. f3 0-0 9. 0-0-0 Nxd4 10. Bxd4 Be6 11. g4 Qa5 12. a3 Rac8 13. h4 h5 14. gxh5 Nxh5 15. Rg1 Bxd4 16. Qxd4 Qc5 17. Qxc5 Rxc5 18. Bd3 Rfc8 19. Ne2 Bc4 20. Bxc4 Rxc4 21. c3 b5 22. Kc2 a5 23. b3 R4c5 24. Rd3 b4 25. axb4 axb4 26. c4 Ra8 27. Kd2 Ra2+ 28. Ke3 Rca5 29. Nd4 Ra6 30. f4 Rh2 31. Nf3 Rb2 32. f5 Kg7 33. e5 dxe5 34. Nxe5 Kf6 35. Nxg6 Ng7 36. Nxe7 Nxf5+ 37. Nxf5 Kxf5 38. c5 Ke5 39. Rg4 f5 40. Rxb4 Rg6 41. Kf3 Rbg2 42. Re3+ Kd5 43. Rb5 R6g4 44. h5 R2g3+ 45. Ke2 Rg2+ 46. Kd3 Rh2 47. c6+ Kxc6 48. Rxf5 Rgh4 49. Re6+ Kd7 50. Rh6 Rg2 51. Ke3 Rg3+ 52. Rf3 Rxf3+ 53. Kxf3 Rh3+ 54. Kg4 Rxb3 55. Kf5 Ke7 56. Kg6 Rb6+ 57. Kg7 Rxh6 58. Kxh6 Kf6 59. Kh7 Kf7 60. h6 Kf8 61. Kh8 Kf7 62. h7 Kf8 1/2-1/2